02391njm a2200385Ia 4500001000600000003000900006005001700015008004100032040001300073040001300086999001700099999000900116100001600125100002500141100004300166245004500209250001100254260001100265260004500276300001700321300003000338500003600368505050400404511007700908511008300985511005701068511008401125511006101209650006301270700017401333700013201507700012001639942001201759952023401771B5376IT-RoPAU20220918181117.0131025s9999 xx 000 0 und d aIT-RoPAU cIT-RoPAU c99526d99526 bn.d. aAA.VV.9794 eAutore musica929057 gCodice autore musica SPICS: 120009796 aGreat Love Duets - Celebres duos d'amour a1a ed. aLONDON bDECCA RECORD COMPANYc1986 [1a Ed.:1986] aMUSICASSETTA c63 minuti (Testo: 0 pag.) aMusica classica. Musica lirica. aO soave fanciulla [(Mimì, Rodolfo) (da La Boheme) (4:00)] - Mario! Mario! Mario! [(Tosca, Cavaradossi) (da Tosca) (13:00)] - Parigi, o cara [(Violetta, Alfredo) (da La Traviata) (4:00)] - Già nella notte densa [(Desdemona, Otello) (da Otello) (11:00)] - Un dì felice [(Violetta, Alfredo) (da La Traviata) (4:00)] - Ma chi vien?... Oh! la sinistra voce! [(da La Gioconda) (7:00)] - Tu, tu, amore tu? [(da Manon Lescaut) (8:00)] - Bimba dagli occhi pieni di malia [(da Madama Butterfly) (12:00)] aOrchestra dell'Accademia di Santa Cecilia Roma diretta da Serafin Tullio aOrchestra dell'Accademia di Santa Cecilia Roma diretta da Molinari-Pradelli F. aWiener Philharmoniker diretti da Von Karajan Herbert aOrchestra dell'Accademia di Santa Cecilia di Roma diretta da Molinari Francesco aOrchestre de la Suisse Romande diretta da Guadagno Anton aOPERA LIRICA [CASSETTE]eCodice MATERIA SPICS: 9951929058 aPuccini GiacomodCodice autore musica SPICS: 11082eAutore musicapO soave fanciulla - Mario! Mario! Mario! - Tu, tu, amore tu? - Bimba dagli occhi pieni di malia929059 aVerdi GiuseppedCodice autore musica SPICS: 89eAutore musicapParigi, o cara - Già nella notte densa - Un dì felice929060 aPonchielli AmilcaredCodice autore musica SPICS: 13061eAutore musicapMa chi vien?... Oh! la sinistra voce!929061 cMC2ddc 0010406B_5376_00000000000000071aSPICSbSPICSd2013-10-25l0oB5376r2013-10-25 00:00:00w2013-10-25yMCzProgr. Ins.: 712 / N.Vol.: 1 / Copie: 1 - Copia rara: n.d. / date import: 01.01.2014 - By Epidotti, Trombetti, Vaglietti